000 00649nam a22001937a 4500
999 _c175966
_d175966
005 20201015153208.0
010 _aUR-10889
020 _c145.00
_a9789389733211
035 _aU-9444
037 _bDBAD/PUB
082 _a840.08
100 _aمحمد ر ضو ا ن
245 _aعر فا ن طر ز ی
_cمحمد ر ضو ا ن
246 _bIrfan -E-Tarzi (Urdu)
_aby Mohd.Rizwan
260 _aN.Delhi
_bEducational Publishing House
_c2019 ء
270 _aH.O.D1/16,Ansari Road,Darya ganj,
_bN.Delhi
_e110002
_k45678285,23216162
_l0091-11-23211540
300 _a224 ص
_c22 Cm(Hb)
942 _2ddc
_cUR
_h840.08
_mم ح م